[Event "MP do lat 16 - dziewczeta"]
[Site "Sypniewo"]
[Date "2022.03.20"]
[Round "2.8"]
[White "Gaczol, Julia"]
[Black "Mroz, Lena"]
[Result "1/2-1/2"]
[BlackElo "1773"]
[WhiteElo "1462"]
[LiveChessVersion "1.4.8"]

1. e4 {[%clk 1:30:58]} d6 {[%clk 1:30:39]} 2. d4 {[%clk 1:30:51]} Nf6
{[%clk 1:31:00]} 3. Nc3 {[%clk 1:31:01]} e5 {[%clk 1:31:03]} 4. dxe5
{[%clk 1:28:06]} dxe5 {[%clk 1:30:01]} 5. Qxd8+ {[%clk 1:23:56]} Kxd8
{[%clk 1:30:13]} 6. Bc4 {[%clk 1:23:48]} Be6 {[%clk 1:25:31]} 7. Bxe6
{[%clk 1:20:53]} fxe6 {[%clk 1:25:42]} 8. Bg5 {[%clk 1:19:16]} Bd6 9. O-O-O
{[%clk 1:13:52]} Ke7 {[%clk 1:16:48]} 10. Nf3 {[%clk 1:08:30]} a6
{[%clk 1:12:14]} 11. a3 {[%clk 1:05:46]} Nbd7 {[%clk 1:11:29]} 12. Bh4
{[%clk 1:02:52]} Rhf8 {[%clk 1:09:02]} 13. Rhe1 {[%clk 1:00:10]} b5
{[%clk 1:02:02]} 14. Bg3 {[%clk 0:55:03]} Rab8 {[%clk 0:56:23]} 15. Na2
{[%clk 0:51:46]} Rb6 {[%clk 0:52:07]} 16. Kb1 {[%clk 0:44:44]} Nh5
{[%clk 0:43:42]} 17. Nc1 {[%clk 0:43:01]} Nxg3 {[%clk 0:43:55]} 18. hxg3
{[%clk 0:43:20]} c5 {[%clk 0:32:20]} 19. b3 {[%clk 0:37:11]} c4 {[%clk 0:30:51]}
20. Kb2 {[%clk 0:36:24]} Rc6 {[%clk 0:29:12]} 21. Na2 {[%clk 0:23:59]} Rfc8
{[%clk 0:24:23]} 22. b4 {[%clk 0:21:22]} Nf6 {[%clk 0:20:06]} 23. c3
{[%clk 0:17:16]} Ra8 {[%clk 0:16:35]} 24. Nh2 {[%clk 0:07:44]} Rf8
{[%clk 0:10:19]} 25. Nc1 {[%clk 0:05:26]} Bb8 {[%clk 0:08:44]} 26. Rd2
{[%clk 0:02:58]} Rd8 {[%clk 0:08:49]} 27. Rxd8 {[%clk 0:03:13]} Kxd8
{[%clk 0:09:13]} 28. Re2 {[%clk 0:02:26]} Ke7 {[%clk 0:08:33]} 29. f3
{[%clk 0:01:58]} Nh5 {[%clk 0:07:20]} 30. Nf1 {[%clk 0:02:18]} Ba7
{[%clk 0:07:14]} 31. Rd2 {[%clk 0:02:14]} Rc8 {[%clk 0:07:02]} 32. Kc2
{[%clk 0:02:04]} Rf8 {[%clk 0:05:40]} 33. Kd1 {[%clk 0:01:33]} Bb6
{[%clk 0:05:12]} 34. Ke1 {[%clk 0:01:39]} Ra8 {[%clk 0:03:57]} 35. Ke2
{[%clk 0:01:28]} a5 {[%clk 0:02:42]} 36. Ra2 {[%clk 0:01:17]} axb4
{[%clk 0:03:08]} 37. axb4 {[%clk 0:01:37]} Rxa2+ {[%clk 0:03:19]} 38. Nxa2
{[%clk 0:02:04]} 1/2-1/2

[Event "MP do lat 16 - dziewczeta"]
[Site "Sypniewo"]
[Date "2022.03.20"]
[Round "2.9"]
[White "Szopa, Emilia"]
[Black "Kaznowska, Kinga"]
[Result "1-0"]
[BlackElo "1239"]
[WhiteElo "1758"]
[LiveChessVersion "1.4.8"]

1. e4 {[%clk 1:30:57]} e5 {[%clk 1:30:52]} 2. Nf3 {[%clk 1:31:11]} Nc6
{[%clk 1:31:14]} 3. Bc4 {[%clk 1:31:00]} Bc5 {[%clk 1:31:33]} 4. O-O
{[%clk 1:30:50]} Nf6 {[%clk 1:31:56]} 5. d3 {[%clk 1:30:25]} O-O {[%clk 1:31:26]}
6. Bb3 {[%clk 1:29:37]} d5 {[%clk 1:31:28]} 7. Nbd2 {[%clk 1:24:53]} Bg4
{[%clk 1:29:21]} 8. exd5 {[%clk 1:21:19]} Nxd5 {[%clk 1:29:39]} 9. h3
{[%clk 1:21:35]} Bh5 {[%clk 1:29:45]} 10. Ne4 {[%clk 1:19:23]} Bxf3
{[%clk 1:25:51]} 11. Qxf3 {[%clk 1:18:07]} Nd4 {[%clk 1:26:11]} 12. Qh5
{[%clk 1:14:32]} Nxb3 {[%clk 1:23:06]} 13. axb3 {[%clk 1:12:57]} Bd6
{[%clk 1:23:24]} 14. Qf3 {[%clk 1:03:14]} b6 {[%clk 1:22:18]} 15. Re1
{[%clk 0:56:15]} f6 {[%clk 1:22:17]} 16. Ng5 {[%clk 0:44:40]} Nb4
{[%clk 1:12:35]} 17. Ne6 {[%clk 0:42:25]} Qe8 {[%clk 1:10:52]} 18. Nxf8
{[%clk 0:33:11]} Nxc2 {[%clk 1:10:54]} 19. Qe4 {[%clk 0:29:43]} Qxf8
{[%clk 1:10:54]} 20. Qc4+ {[%clk 0:29:56]} Qf7 {[%clk 1:10:53]} 21. Qxc2
{[%clk 0:30:18]} Bf8 1-0

[Event "MP do lat 16 - dziewczeta"]
[Site "Sypniewo"]
[Date "2022.03.20"]
[Round "2.10"]
[White "Biniak, Zuzanna"]
[Black "Kucharska, Helena"]
[Result "1-0"]
[BlackElo "1687"]
[WhiteElo "1257"]
[LiveChessVersion "1.4.8"]

1. c4 {[%clk 1:30:58]} e5 {[%clk 1:29:43]} 2. g3 {[%clk 1:31:19]} g6
{[%clk 1:28:19]} 3. Bg2 {[%clk 1:31:33]} c6 {[%clk 1:28:09]} 4. Nc3
{[%clk 1:31:34]} Bg7 {[%clk 1:28:02]} 5. d3 {[%clk 1:31:21]} Ne7 {[%clk 1:26:55]}
6. Nf3 {[%clk 1:29:43]} d5 {[%clk 1:22:49]} 7. cxd5 {[%clk 1:27:31]} cxd5
{[%clk 1:21:36]} 8. O-O {[%clk 1:26:28]} O-O {[%clk 1:20:30]} 9. Rb1
{[%clk 1:10:48]} a5 {[%clk 1:16:56]} 10. a4 {[%clk 1:10:37]} Nbc6
{[%clk 1:15:15]} 11. Nd2 {[%clk 1:06:12]} Nb4 {[%clk 1:12:25]} 12. Nb5
{[%clk 0:59:30]} Bd7 {[%clk 1:09:55]} 13. Na3 {[%clk 0:47:05]} Bc6
{[%clk 1:08:55]} 14. b3 {[%clk 0:43:32]} Rc8 {[%clk 1:05:48]} 15. Bb2
{[%clk 0:39:16]} h5 {[%clk 0:59:15]} 16. Nf3 {[%clk 0:33:49]} Qd6
{[%clk 0:53:45]} 17. Re1 {[%clk 0:30:07]} Rfd8 {[%clk 0:50:52]} 18. Nb5
{[%clk 0:22:36]} Bxb5 {[%clk 0:48:13]} 19. axb5 {[%clk 0:22:51]} Nc2
{[%clk 0:47:12]} 20. Rf1 {[%clk 0:22:00]} d4 {[%clk 0:46:04]} 21. Nd2
{[%clk 0:21:30]} Nb4 {[%clk 0:33:17]} 22. Bxb7 {[%clk 0:19:49]} Rb8
{[%clk 0:33:20]} 23. Nc4 {[%clk 0:18:50]} Qc7 {[%clk 0:32:44]} 24. Ba6
{[%clk 0:16:20]} Nxa6 {[%clk 0:30:03]} 25. bxa6 {[%clk 0:16:44]} Nc6
{[%clk 0:30:22]} 26. Ba3 {[%clk 0:14:12]} Qa7 {[%clk 0:23:28]} 27. Qd2
{[%clk 0:13:35]} Qxa6 {[%clk 0:19:06]} 28. Rfc1 {[%clk 0:11:25]} Rd5
{[%clk 0:16:08]} 29. Rc2 {[%clk 0:09:06]} Rdb5 {[%clk 0:13:43]} 30. Rcb2
{[%clk 0:08:25]} Nb4 {[%clk 0:11:53]} 31. Bxb4 {[%clk 0:08:14]} Rxb4
{[%clk 0:12:06]} 32. Ra2 {[%clk 0:07:59]} a4 {[%clk 0:11:09]} 33. Rba1
{[%clk 0:03:13]} Rxb3 {[%clk 0:07:35]} 34. Qc2 {[%clk 0:03:25]} R8b4
{[%clk 0:05:36]} 35. Nd2 {[%clk 0:03:01]} Rc3 {[%clk 0:05:24]} 36. Qd1
{[%clk 0:03:18]} Qc6 {[%clk 0:04:50]} 37. Nc4 {[%clk 0:02:10]} Rcb3
{[%clk 0:01:54]} 38. Na5 {[%clk 0:02:00]} Qd5 {[%clk 0:01:01]} 39. Nxb3
{[%clk 0:02:12]} axb3 {[%clk 0:01:17]} 40. Rb2 {[%clk 0:32:24]} e4
{[%clk 0:30:44]} 41. Rab1 {[%clk 0:29:34]} exd3 {[%clk 0:27:33]} 42. Qxd3
{[%clk 0:29:27]} Rc4 {[%clk 0:26:56]} 43. Rxb3 {[%clk 0:29:04]} Qc6
{[%clk 0:26:53]} 44. Qf3 {[%clk 0:26:53]} Qe6 {[%clk 0:26:41]} 45. Rb8+
{[%clk 0:26:07]} Bf8 {[%clk 0:26:16]} 46. Ra8 {[%clk 0:25:32]} Rc3
{[%clk 0:26:00]} 47. Qf4 {[%clk 0:22:23]} Qc6 {[%clk 0:24:31]} 48. Rba1
{[%clk 0:20:52]} Qd5 {[%clk 0:22:17]} 49. Qb8 {[%clk 0:14:32]} Qc5
{[%clk 0:21:53]} 50. Qf4 {[%clk 0:13:37]} Qc6 {[%clk 0:16:23]} 51. h4
{[%clk 0:10:55]} Qd5 {[%clk 0:13:43]} 52. Rb8 {[%clk 0:06:04]} Kg7
{[%clk 0:13:07]} 53. Raa8 {[%clk 0:05:33]} Qc6 {[%clk 0:10:32]} 54. f3
{[%clk 0:03:39]} Rc1+ {[%clk 0:07:57]} 55. Kg2 {[%clk 0:03:53]} Qc5
{[%clk 0:08:01]} 56. Rxf8 {[%clk 0:03:31]} f5 {[%clk 0:08:24]} 57. Rg8+
{[%clk 0:03:23]} Kf7 {[%clk 0:08:36]} 58. Qg5 {[%clk 0:03:08]} Qc6
{[%clk 0:07:52]} 59. Raf8+ {[%clk 0:03:20]} 1-0

[Event "MP do lat 16 - dziewczeta"]
[Site "Sypniewo"]
[Date "2022.03.20"]
[Round "2.11"]
[White "Boguszewska, Julia"]
[Black "Dallemura, Anna"]
[Result "0-1"]
[BlackElo "1518"]
[WhiteElo "1034"]
[LiveChessVersion "1.4.8"]

1. d4 {[%clk 1:30:58]} d5 {[%clk 1:30:54]} 2. c4 {[%clk 1:31:24]} e6
{[%clk 1:31:17]} 3. Nc3 {[%clk 1:31:48]} Nf6 {[%clk 1:31:37]} 4. cxd5
{[%clk 1:31:38]} exd5 {[%clk 1:31:38]} 5. Bg5 {[%clk 1:31:56]} Be7
{[%clk 1:31:02]} 6. Qc2 {[%clk 1:32:04]} O-O {[%clk 1:29:52]} 7. e3
{[%clk 1:31:46]} c6 {[%clk 1:27:56]} 8. Bd3 {[%clk 1:31:50]} h6 {[%clk 1:27:00]}
9. Bf4 {[%clk 1:30:55]} Nh5 {[%clk 1:22:12]} 10. Nge2 {[%clk 1:27:19]} Nxf4
{[%clk 1:20:58]} 11. Nxf4 {[%clk 1:27:25]} Nd7 {[%clk 1:17:18]} 12. O-O-O
{[%clk 1:26:30]} b5 {[%clk 1:16:04]} 13. Rdg1 {[%clk 1:15:23]} a5
{[%clk 1:11:21]} 14. g3 {[%clk 1:13:28]} a4 {[%clk 1:07:00]} 15. a3
{[%clk 1:06:19]} Qa5 {[%clk 1:04:17]} 16. Na2 {[%clk 1:03:26]} Nf6
{[%clk 0:59:36]} 17. Bf5 {[%clk 0:59:39]} Bxf5 {[%clk 0:54:07]} 18. Qxf5
{[%clk 0:59:51]} Ne4 {[%clk 0:50:51]} 19. Nh3 {[%clk 0:43:31]} Nd2
{[%clk 0:46:34]} 20. Qc2 {[%clk 0:35:31]} Nb3+ {[%clk 0:42:59]} 21. Kb1
{[%clk 0:33:15]} Rfb8 {[%clk 0:39:30]} 22. Nc1 {[%clk 0:32:02]} b4
{[%clk 0:31:52]} 23. axb4 {[%clk 0:29:16]} Rxb4 {[%clk 0:30:43]} 24. Nxb3
{[%clk 0:28:32]} axb3 {[%clk 0:30:26]} 0-1

[Event "MP do lat 16 - dziewczeta"]
[Site "Sypniewo"]
[Date "2022.03.20"]
[Round "2.12"]
[White "Arciszewska, Zuzanna"]
[Black "Gornisiewicz, Natalia"]
[Result "1-0"]
[BlackElo "1485"]
[WhiteElo "1589"]
[LiveChessVersion "1.4.8"]

1. e4 {[%clk 1:30:58]} e5 {[%clk 1:30:52]} 2. Nf3 {[%clk 1:31:13]} Nc6
{[%clk 1:31:13]} 3. Bc4 {[%clk 1:31:21]} Bc5 {[%clk 1:31:20]} 4. c3
{[%clk 1:31:34]} Nf6 {[%clk 1:31:08]} 5. d3 {[%clk 1:31:27]} h6 {[%clk 1:30:46]}
6. Nbd2 {[%clk 1:29:52]} d6 {[%clk 1:30:04]} 7. Bb3 {[%clk 1:29:57]} O-O
{[%clk 1:27:57]} 8. h3 {[%clk 1:28:50]} b5 {[%clk 1:26:03]} 9. Nf1
{[%clk 1:26:59]} a5 {[%clk 1:21:22]} 10. g4 {[%clk 1:24:42]} Nh7 {[%clk 1:19:03]}
11. Ng3 {[%clk 1:22:28]} a4 {[%clk 1:14:02]} 12. Bc2 {[%clk 1:21:24]} Ne7
{[%clk 1:09:02]} 13. Nh4 {[%clk 1:15:41]} Ng6 {[%clk 1:05:57]} 14. Nhf5
{[%clk 1:15:12]} Nh4 {[%clk 1:04:46]} 15. Rg1 {[%clk 1:03:03]} Bxf5
{[%clk 1:01:48]} 16. Nxf5 {[%clk 0:58:19]} Nxf5 {[%clk 0:59:12]} 17. gxf5
{[%clk 0:58:40]} Qh4 {[%clk 0:58:35]} 18. Qf3 {[%clk 0:58:29]} Kh8
{[%clk 0:47:42]} 19. Rg4 {[%clk 0:55:58]} Qf6 {[%clk 0:42:54]} 20. Bd2
{[%clk 0:54:48]} g5 {[%clk 0:39:55]} 21. Ke2 {[%clk 0:47:26]} Qg7
{[%clk 0:36:26]} 22. Rag1 {[%clk 0:43:16]} f6 {[%clk 0:35:06]} 23. R4g2
{[%clk 0:41:43]} Qf7 {[%clk 0:33:33]} 24. b3 {[%clk 0:38:35]} c6 {[%clk 0:29:57]}
25. h4 {[%clk 0:37:54]} Rg8 {[%clk 0:27:36]} 26. Rh1 {[%clk 0:36:32]} g4
{[%clk 0:21:47]} 27. Rxg4 {[%clk 0:36:11]} Rxg4 {[%clk 0:22:02]} 28. Qxg4
{[%clk 0:36:38]} Rg8 {[%clk 0:22:15]} 29. Qf3 {[%clk 0:36:47]} Qg7
{[%clk 0:22:05]} 30. bxa4 {[%clk 0:35:57]} Ra8 {[%clk 0:14:50]} 31. Rh3
{[%clk 0:33:46]} Nf8 {[%clk 0:12:18]} 32. Rg3 {[%clk 0:34:06]} Qh7 33. Qh5
{[%clk 0:34:17]} d5 {[%clk 0:10:55]} 34. Bxh6 {[%clk 0:32:21]} Ra7
{[%clk 0:10:38]} 35. Qg4 {[%clk 0:29:08]} bxa4 {[%clk 0:09:14]} 36. Bxf8
{[%clk 0:26:27]} Bxf8 {[%clk 0:09:18]} 37. exd5 {[%clk 0:25:57]} cxd5
{[%clk 0:08:55]} 38. Bxa4 {[%clk 0:25:18]} e4 {[%clk 0:07:29]} 39. Bb3
{[%clk 0:25:33]} Rg7 {[%clk 0:05:30]} 40. Qf4 {[%clk 0:54:35]} Qh5+
{[%clk 0:35:05]} 41. Ke1 {[%clk 0:50:40]} exd3 {[%clk 0:33:26]} 42. Bd1
{[%clk 0:51:08]} Qe8+ {[%clk 0:29:06]} 43. Kd2 {[%clk 0:51:20]} Rh7
{[%clk 0:27:31]} 44. Qd4 {[%clk 0:45:09]} Bg7 {[%clk 0:24:41]} 45. Rxd3
{[%clk 0:43:15]} Qb8 {[%clk 0:19:31]} 46. Kc2 {[%clk 0:41:37]} Qh2
{[%clk 0:18:31]} 47. h5 {[%clk 0:41:49]} Qg2 {[%clk 0:16:07]} 48. a4
{[%clk 0:37:58]} Qg5 {[%clk 0:13:33]} 49. Qxd5 {[%clk 0:38:16]} Bf8
{[%clk 0:13:24]} 50. Rg3 {[%clk 0:38:41]} 1-0

[Event "MP do lat 16 - dziewczeta"]
[Site "Sypniewo"]
[Date "2022.03.20"]
[Round "2.13"]
[White "Pieczewska, Jadwiga"]
[Black "Samol, Julia"]
[Result "0-1"]
[BlackElo "1317"]
[WhiteElo "1234"]
[LiveChessVersion "1.4.8"]

1. c4 {[%clk 1:30:58]} e6 {[%clk 1:30:56]} 2. Nf3 {[%clk 1:31:23]} d5
{[%clk 1:30:49]} 3. g3 {[%clk 1:31:32]} Nf6 {[%clk 1:30:02]} 4. Bg2
{[%clk 1:31:44]} Nc6 {[%clk 1:19:34]} 5. b3 {[%clk 1:28:40]} Be7 {[%clk 1:12:40]}
6. O-O {[%clk 1:27:46]} O-O {[%clk 1:13:03]} 7. Bb2 {[%clk 1:27:45]} d4
{[%clk 1:04:07]} 8. d3 {[%clk 1:16:12]} Bc5 {[%clk 1:00:02]} 9. Nbd2
{[%clk 1:09:14]} Re8 {[%clk 0:58:52]} 10. Ne1 {[%clk 0:59:09]} e5
{[%clk 0:47:44]} 11. Nc2 {[%clk 0:45:03]} a5 {[%clk 0:34:34]} 12. Re1
{[%clk 0:33:05]} Ra6 {[%clk 0:27:52]} 13. Ne4 {[%clk 0:15:51]} Nxe4
{[%clk 0:26:34]} 14. dxe4 {[%clk 0:16:13]} Nb4 {[%clk 0:20:03]} 15. a3
{[%clk 0:15:24]} Nxc2 {[%clk 0:19:29]} 16. Qxc2 {[%clk 0:15:48]} Rd6
{[%clk 0:14:26]} 17. Rad1 {[%clk 0:15:14]} Bg4 {[%clk 0:14:08]} 18. Rd3
{[%clk 0:14:07]} Qd7 {[%clk 0:09:09]} 19. Qd2 {[%clk 0:13:15]} Bb6
{[%clk 0:07:34]} 20. b4 {[%clk 0:09:23]} axb4 {[%clk 0:07:50]} 21. Qxb4
{[%clk 0:09:31]} Rc6 {[%clk 0:05:41]} 22. f3 {[%clk 0:05:57]} Be6
{[%clk 0:05:44]} 23. Rc1 {[%clk 0:06:20]} Bc5 {[%clk 0:05:12]} 24. Qb3
{[%clk 0:03:03]} Rb6 25. Qc2 {[%clk 0:03:06]} Ra8 {[%clk 0:04:50]} 26. Kh1
{[%clk 0:01:56]} Qa4 {[%clk 0:04:04]} 27. Qxa4 {[%clk 0:00:51]} Rxa4
{[%clk 0:04:29]} 28. Rd2 {[%clk 0:00:50]} d3 {[%clk 0:01:46]} 0-1

[Event "MP do lat 16 - dziewczeta"]
[Site "Sypniewo"]
[Date "2022.03.20"]
[Round "2.14"]
[White "Walendykiewicz, Martyna"]
[Black "Janikowska, Wiktoria"]
[Result "1/2-1/2"]
[BlackElo "1564"]
[WhiteElo "1224"]
[LiveChessVersion "1.4.8"]

1. e4 {[%clk 1:30:58]} c5 {[%clk 1:30:48]} 2. Nf3 {[%clk 1:31:23]} d6
{[%clk 1:31:12]} 3. d4 {[%clk 1:31:48]} cxd4 {[%clk 1:31:37]} 4. Nxd4
{[%clk 1:32:12]} Nf6 {[%clk 1:31:48]} 5. Nc3 {[%clk 1:32:32]} a6 {[%clk 1:31:49]}
6. Be3 {[%clk 1:31:38]} e5 {[%clk 1:31:43]} 7. Nf3 {[%clk 1:31:00]} Be7
{[%clk 1:31:28]} 8. Bd3 {[%clk 1:28:57]} O-O {[%clk 1:31:07]} 9. h3
{[%clk 1:28:21]} b5 {[%clk 1:29:40]} 10. O-O {[%clk 1:27:27]} Bb7
{[%clk 1:29:02]} 11. a3 {[%clk 1:26:54]} Nbd7 {[%clk 1:29:04]} 12. Bg5
{[%clk 1:24:53]} h6 {[%clk 1:22:05]} 13. Bxf6 {[%clk 1:22:41]} Bxf6
{[%clk 1:19:32]} 14. Nh2 {[%clk 1:20:34]} Nb6 {[%clk 1:18:22]} 15. Ng4
{[%clk 1:19:12]} Rc8 {[%clk 1:16:15]} 16. Qf3 {[%clk 1:16:30]} Bg5
{[%clk 1:14:47]} 17. Ne3 {[%clk 1:14:38]} Bxe3 {[%clk 1:12:34]} 18. Qxe3
{[%clk 1:13:11]} Qc7 {[%clk 1:06:23]} 19. Rfe1 {[%clk 1:11:33]} Rfe8
{[%clk 0:53:34]} 20. Rad1 {[%clk 1:06:50]} Re6 {[%clk 0:45:29]} 21. Rd2
{[%clk 0:49:26]} Rd8 {[%clk 0:36:37]} 22. Red1 {[%clk 0:48:07]} Qc5
{[%clk 0:32:15]} 23. Qxc5 {[%clk 0:46:13]} dxc5 {[%clk 0:32:36]} 24. Be2
{[%clk 0:46:24]} Rd4 {[%clk 0:32:33]} 25. f3 {[%clk 0:45:55]} Red6
{[%clk 0:31:24]} 26. Rxd4 {[%clk 0:44:54]} Rxd4 {[%clk 0:27:54]} 27. b3
{[%clk 0:43:27]} Kf8 {[%clk 0:25:46]} 28. Kf2 {[%clk 0:41:58]} Ke7
{[%clk 0:20:20]} 29. Kg3 {[%clk 0:38:35]} g6 {[%clk 0:18:04]} 30. Kf2
{[%clk 0:27:05]} Ke6 {[%clk 0:12:57]} 31. g4 {[%clk 0:23:19]} f6 {[%clk 0:12:33]}
32. Ke1 {[%clk 0:22:10]} c4 {[%clk 0:10:50]} 33. Nb1 {[%clk 0:19:18]} Rxd1+
{[%clk 0:09:45]} 34. Kxd1 {[%clk 0:19:37]} cxb3 {[%clk 0:09:57]} 35. cxb3
{[%clk 0:20:01]} Nd7 {[%clk 0:09:10]} 36. b4 {[%clk 0:20:06]} f5 {[%clk 0:08:03]}
37. Nd2 {[%clk 0:18:55]} fxg4 {[%clk 0:06:05]} 38. hxg4 {[%clk 0:18:37]} Kf6
{[%clk 0:04:14]} 39. Ke1 {[%clk 0:18:25]} Nf8 {[%clk 0:03:54]} 40. Nb3
{[%clk 0:47:36]} Ne6 {[%clk 0:34:12]} 41. Kf2 {[%clk 0:47:53]} Bc8
{[%clk 0:33:02]} 42. Kg3 {[%clk 0:47:09]} h5 {[%clk 0:31:58]} 43. Bd1
{[%clk 0:45:11]} hxg4 {[%clk 0:28:35]} 44. Kxg4 {[%clk 0:44:53]} Nc5+
{[%clk 0:23:57]} 45. Kg3 {[%clk 0:44:57]} Na4 {[%clk 0:22:48]} 46. Be2
{[%clk 0:44:09]} Be6 {[%clk 0:21:35]} 47. Nd2 {[%clk 0:43:41]} Nc3
{[%clk 0:17:53]} 1/2-1/2

[Event "MP do lat 16 - dziewczeta"]
[Site "Sypniewo"]
[Date "2022.03.20"]
[Round "2.15"]
[White "Obrochta, Lena"]
[Black "Skolska, Emilia"]
[Result "0-1"]
[BlackElo "1362"]
[WhiteElo "1685"]
[LiveChessVersion "1.4.8"]

1. e4 {[%clk 1:30:51]} e5 {[%clk 1:30:55]} 2. Nf3 {[%clk 1:31:13]} Nc6
{[%clk 1:31:09]} 3. Bc4 {[%clk 1:31:26]} Bc5 {[%clk 1:31:19]} 4. d3
{[%clk 1:31:30]} d6 {[%clk 1:31:32]} 5. c3 {[%clk 1:31:15]} Nf6 {[%clk 1:31:19]}
6. Bb3 {[%clk 1:30:32]} h6 {[%clk 1:30:41]} 7. h3 {[%clk 1:29:43]} O-O
{[%clk 1:30:18]} 8. Nbd2 {[%clk 1:25:52]} Kh8 {[%clk 1:26:37]} 9. Nf1
{[%clk 1:23:57]} Nh7 {[%clk 1:24:32]} 10. g4 {[%clk 1:21:11]} Be6
{[%clk 1:20:13]} 11. Bc2 {[%clk 1:19:57]} a5 {[%clk 1:17:25]} 12. Ng3
{[%clk 1:18:29]} d5 {[%clk 1:08:20]} 13. Qe2 {[%clk 1:18:03]} d4 {[%clk 1:05:29]}
14. Nf5 {[%clk 1:15:37]} a4 {[%clk 0:58:31]} 15. c4 {[%clk 1:09:28]} f6
{[%clk 0:48:24]} 16. N3h4 {[%clk 1:05:35]} Qe8 {[%clk 0:45:11]} 17. a3
{[%clk 0:58:20]} Qf7 {[%clk 0:38:06]} 18. Qd1 {[%clk 0:55:49]} Rfd8
{[%clk 0:23:43]} 19. Bxa4 {[%clk 0:50:07]} Nf8 {[%clk 0:16:37]} 20. Bd2
{[%clk 0:48:46]} Ng6 {[%clk 0:13:51]} 21. Ng2 {[%clk 0:40:14]} Nge7
{[%clk 0:07:24]} 22. b4 {[%clk 0:35:53]} Bb6 {[%clk 0:03:48]} 23. c5
{[%clk 0:35:47]} Rxa4 {[%clk 0:02:06]} 24. cxb6 {[%clk 0:31:11]} Bb3
{[%clk 0:01:41]} 25. Qb1 {[%clk 0:19:56]} cxb6 {[%clk 0:01:19]} 26. b5
{[%clk 0:19:52]} Nxf5 {[%clk 0:00:45]} 27. gxf5 {[%clk 0:19:31]} Na7
{[%clk 0:00:54]} 28. Qb2 {[%clk 0:17:18]} Rc8 {[%clk 0:01:09]} 29. Rb1
{[%clk 0:14:31]} Ba2 {[%clk 0:01:37]} 30. Ra1 {[%clk 0:05:46]} Bb3
{[%clk 0:02:00]} 31. Rc1 {[%clk 0:05:49]} Rxc1+ {[%clk 0:02:06]} 32. Qxc1
{[%clk 0:05:32]} Nxb5 {[%clk 0:01:47]} 33. Bb4 {[%clk 0:02:22]} Ra8
{[%clk 0:01:21]} 34. O-O {[%clk 0:02:11]} Qh5 {[%clk 0:01:14]} 35. Kh2
{[%clk 0:00:54]} Qe2 {[%clk 0:01:19]} 36. Nh4 {[%clk 0:00:37]} Qxd3
{[%clk 0:01:06]} 37. Rg1 {[%clk 0:00:35]} Qxe4 {[%clk 0:01:14]} 38. Rg4
{[%clk 0:00:42]} Qc2 {[%clk 0:00:38]} 39. Qg1 {[%clk 0:00:42]} Qc7
{[%clk 0:01:04]} 40. Ng6+ {[%clk 0:30:50]} Kh7 {[%clk 0:30:49]} 41. Ne7
{[%clk 0:30:19]} Rg8 {[%clk 0:28:52]} 42. Rh4 {[%clk 0:28:04]} Bf7
{[%clk 0:26:46]} 43. Nxg8 {[%clk 0:25:40]} Kxg8 {[%clk 0:24:45]} 44. Qg3
{[%clk 0:20:37]} Bd5 {[%clk 0:18:21]} 45. Rg4 {[%clk 0:18:19]} h5
{[%clk 0:18:15]} 46. Rh4 {[%clk 0:17:31]} Qc1 47. Qg1 Qxg1+ {[%clk 0:18:04]} 48.
Kxg1 {[%clk 0:17:55]} Bf3 {[%clk 0:16:00]} 49. Kh2 {[%clk 0:12:18]} e4
{[%clk 0:16:19]} 50. Kg3 {[%clk 0:08:14]} Nc3 51. Kh2 Kh7 {[%clk 0:15:14]} 52.
Rf4 {[%clk 0:07:17]} Nd5 {[%clk 0:11:42]} 53. Rxf3 {[%clk 0:07:07]} exf3
{[%clk 0:12:10]} 54. Kg3 {[%clk 0:05:45]} Nxb4 {[%clk 0:09:48]} 55. axb4
{[%clk 0:06:07]} g6 {[%clk 0:09:52]} 56. Kxf3 {[%clk 0:05:10]} gxf5
{[%clk 0:10:17]} 57. Ke2 {[%clk 0:03:07]} f4 {[%clk 0:08:50]} 58. Kd3
{[%clk 0:02:11]} Kg6 {[%clk 0:08:48]} 59. h4 {[%clk 0:01:34]} Kf5
{[%clk 0:08:51]} 60. f3 {[%clk 0:01:17]} Ke5 {[%clk 0:09:11]} 61. Kc4
{[%clk 0:01:04]} b5+ {[%clk 0:09:23]} 62. Kd3 {[%clk 0:01:00]} Kd5
{[%clk 0:09:48]} 63. Kc2 {[%clk 0:00:52]} Kc4 {[%clk 0:10:12]} 64. Kd2
{[%clk 0:01:03]} d3 {[%clk 0:09:35]} 65. Kd1 {[%clk 0:01:06]} Kc3
{[%clk 0:09:52]} 66. Kc1 {[%clk 0:01:26]} d2+ {[%clk 0:10:14]} 67. Kd1
{[%clk 0:01:49]} f5 {[%clk 0:10:36]} 0-1

[Event "MP do lat 16 - dziewczeta"]
[Site "Sypniewo"]
[Date "2022.03.20"]
[Round "2.16"]
[White "Trybus, Dominika"]
[Black "Olszewska, Wiktoria"]
[Result "1-0"]
[BlackElo "1262"]
[WhiteElo "1534"]
[LiveChessVersion "1.4.8"]

1. e4 {[%clk 1:30:58]} c6 {[%clk 1:30:48]} 2. Nc3 {[%clk 1:31:23]} d5
{[%clk 1:29:48]} 3. Qf3 {[%clk 1:31:47]} dxe4 {[%clk 1:12:29]} 4. Nxe4
{[%clk 1:32:02]} Nd7 {[%clk 1:05:43]} 5. c3 {[%clk 1:30:45]} Ngf6
{[%clk 1:04:29]} 6. d4 {[%clk 1:28:39]} Nxe4 {[%clk 0:56:34]} 7. Qxe4
{[%clk 1:29:03]} Nf6 {[%clk 0:56:34]} 8. Qh4 {[%clk 1:27:20]} e6 {[%clk 0:47:21]}
9. Nf3 {[%clk 1:26:04]} Qc7 {[%clk 0:43:04]} 10. Bf4 {[%clk 1:24:08]} Bd6
{[%clk 0:42:46]} 11. Be5 {[%clk 1:22:07]} Bxe5 {[%clk 0:40:00]} 12. dxe5
{[%clk 1:22:17]} Nd5 {[%clk 0:38:08]} 13. Rd1 {[%clk 1:14:13]} O-O
{[%clk 0:27:20]} 14. Bd3 {[%clk 1:13:54]} h6 {[%clk 0:26:17]} 15. O-O
{[%clk 1:10:59]} c5 {[%clk 0:24:00]} 16. Rfe1 {[%clk 1:09:21]} b6
{[%clk 0:23:19]} 17. Qe4 {[%clk 1:03:43]} g6 {[%clk 0:11:23]} 18. Qh4
{[%clk 0:52:06]} Kh7 {[%clk 0:08:11]} 19. Re4 {[%clk 0:45:18]} Qe7
{[%clk 0:03:56]} 20. Qh3 {[%clk 0:42:21]} Kg7 {[%clk 0:03:17]} 21. Rg4
{[%clk 0:37:14]} f5 {[%clk 0:01:17]} 22. exf6+ {[%clk 0:36:43]} Rxf6
{[%clk 0:01:38]} 23. Qg3 {[%clk 0:36:08]} Qe8 {[%clk 0:01:17]} 24. Qe5
{[%clk 0:27:46]} Kf7 {[%clk 0:00:49]} 25. c4 {[%clk 0:24:25]} Nb4
{[%clk 0:00:47]} 26. Be4 {[%clk 0:24:09]} Nc6 {[%clk 0:01:10]} 27. Qc7+
{[%clk 0:24:18]} Qe7 {[%clk 0:00:43]} 28. Qxc6 {[%clk 0:24:11]} Rb8
{[%clk 0:00:58]} 29. Ne5+ {[%clk 0:22:49]} 1-0